| 000 | 00738nam a2200241Ia 4500 | ||
|---|---|---|---|
| 001 | 9619 | ||
| 003 | GE_BSU | ||
| 008 | 181216s||||||||xx |||||||||||||| ||und|| | ||
| 040 | _cGE_BSU | ||
| 080 | _a821.353.1-31 | ||
| 100 | _aმაღრაძე,ელგუჯა | ||
| 245 | _aრად,სოფელო | ||
| 245 | _bრომანი | ||
| 245 | _cრედ:ნუკრი აბესაძე;მხატვ:ზურაბ ფორჩხიძე | ||
| 260 | _aთბილისი. | ||
| 260 | _bსაბჭ.საქართველო | ||
| 260 | _c1984. | ||
| 300 | _a285გვ;20სმ. | ||
| 300 | _b8ფ.ილ | ||
| 653 | _aრად,სოფელო | ||
| 653 | _aრომანი | ||
| 942 | _cBK | ||
| 999 |
_c42903 _d42903 |
||